Bangla gastronomy: (Record no. 162327)

MARC details
000 -LEADER
fixed length control field 00589nam a2200181 4500
005 - DATE AND TIME OF LATEST TRANSACTION
control field 20190311122027.0
010 ## - LCCN (DPL NO)
LC control number ENG-124866
020 ## - INTERNATIONAL STANDARD BOOK NUMBER
International Standard Book Number 9788179919330
Terms of availability 675.00
035 ## - SYSTEM CONTROL NUMBER
System control number EN-108398
037 ## - SOURCE OF ACQUISITION
Source of stock number/acquisition DBAD/PUB
082 ## - DEWEY DECIMAL CLASSIFICATION NUMBER
Classification number 641.593
100 ## - MAIN ENTRY--PERSONAL NAME
Personal name Banerjee,Ananya
245 ## - TITLE STATEMENT
Title Bangla gastronomy:
Statement of responsibility, etc by Lovely Sharma
Remainder of title the journey of bengali food/
260 ## - PUBLICATION, DISTRIBUTION, ETC. (IMPRINT)
Place of publication, distribution, etc Mumbai
Name of publisher, distributor, etc Popular Prakashan
Date of publication, distribution, etc 2018
270 ## - ADDRESS
Address 301,Mahalaxmi Chambers 22,Bhulabhai Desai Road,
City Mumbai
Postal code 400026
Electronic mail address www.popularprakashan.com
300 ## - PHYSICAL DESCRIPTION
Extent 176p.
Dimensions 23cm(pbk)
942 ## - ADDED ENTRY ELEMENTS (KOHA)
Source of classification or shelving scheme Dewey Decimal Classification
Item type English Books
Classification part 641.593
Call number suffix BAN
Holdings
Withdrawn status Lost status Not for loan Collection code Home library Current library Date acquired Source of acquisition Cost, normal purchase price Full call number Barcode Copy number Cost, replacement price Koha item type
      Non-fiction Bawana Bawana 11/03/2019 DBAD/PUB 675.00 641.593 BAN EN-108398 1 675.00 English Books

© Delhi Public Library
Hit Counter
free hit counter